Albums-Songs (Billie Eillish) pt.1 - Statistics

General Stats
  • This quiz has been taken 14 times
  • The average score is 17 of 24
Answer Stats
Hint Answer % Correct
Album Title WHEN WE ALL FALL ASLEEP, WHERE DO WE GO?
92%
14 goodbye
83%
13 i love you
83%
3 xanny
83%
8 8
75%
2 Bad guy
75%
1 COPYCAT
75%
10 bury a friend
75%
Album Tilte dont smile at me
75%
11 ilomilo
75%
9 my strange addiction
75%
4 watch
75%
7 when the party;s over
75%
6 wish you were gay
75%
5 all the good girls go to hell
67%
8 hostage
67%
12 listen before i go
67%
7 ocean eyes
67%
5 party favor
67%
4 you should see me in a crown
67%
9 &burn
58%
6 bellyache
58%
3 my boy
58%
2 idontwannabeyouanymore
50%
No matching quizzes found
Score Distribution
Percent of People with Each Score
Percentile by Number Answered
Your Score History
You have not taken this quiz